Canadian Mosts Quiz Stats

 Plays Quiz not verified by Sporcle

Also try: Company By Product
Challenge
Share
Tweet
Embed
Score 0/11 Timer 04:00
0 Plays Today
% Correct
moose
50%
beavers
48.1%
maple syrup
45.6%
polar bears
22.8%
coastline
17.7%
caribou
8.2%
NHL players
7%
curling championships
3.8%
lobsters
3.8%
canoes
1.3%
wetlands
0.6%

You're not logged in!

Compare scores with friends on all Sporcle quizzes.
Join for Free
OR
Log In

You Might Also Like...

Show Comments

Extras

Created Feb 1, 2010ReportFavoriteNominate
Tags:Canada Quiz

Top Quizzes Today


Score Distribution

Your Account Isn't Verified!

In order to create a playlist on Sporcle, you need to verify the email address you used during registration. Go to your Sporcle Settings to finish the process.

Report this User

Report this user for behavior that violates our Community Guidelines.

Details: